| 000 -LEADER |
| fixed length control field |
00712nam a2200205Ia 4500 |
| 001 - CONTROL NUMBER |
| control field |
14888 |
| 003 - CONTROL NUMBER IDENTIFIER |
| control field |
GE_BSU |
| 008 - FIXED-LENGTH DATA ELEMENTS--GENERAL INFORMATION |
| fixed length control field |
181216s||||||||xx |||||||||||||| ||und|| |
| 040 ## - CATALOGING SOURCE |
| Transcribing agency |
GE_BSU |
| 080 ## - UNIVERSAL DECIMAL CLASSIFICATION NUMBER |
| Universal Decimal Classification number |
519.61 |
| 100 ## - MAIN ENTRY--PERSONAL NAME |
| Personal name |
Бахвалов,Н.С. |
| 245 ## - TITLE STATEMENT |
| Title |
Численные методы.Анализ,Алгебра,Обыкновенные дифференциальные уравнения |
| 260 ## - PUBLICATION, DISTRIBUTION, ETC. |
| Place of publication, distribution, etc. |
Москва |
| 260 ## - PUBLICATION, DISTRIBUTION, ETC. |
| Name of publisher, distributor, etc. |
Наука |
| 260 ## - PUBLICATION, DISTRIBUTION, ETC. |
| Date of publication, distribution, etc. |
1973 |
| 300 ## - PHYSICAL DESCRIPTION |
| Extent |
631стр.22см. |
| 300 ## - PHYSICAL DESCRIPTION |
| Accompanying material |
Библиогр. стр.628 |
| 653 ## - INDEX TERM--UNCONTROLLED |
| Uncontrolled term |
Численные методы.Анализ,Алгебра,Обыкновенные дифференциальные уравнения |
| 942 ## - ADDED ENTRY ELEMENTS (KOHA) |
| Koha item type |
წიგნი |